[Event "Double Scotch"]
[Site "SchemingMind.com"]
[Date "2010.08.07"]
[Round "-"]
[White "keen"]
[Black "cnile"]
[Result "1-0"]
[WhiteCountry "SCO"]
[BlackCountry "SCO"]
[WhiteElo "1667"]
[WhiteRD "57"]
[BlackElo "1424"]
[BlackRD "63"]
[GameID "256973"]

1. e4 e5 2. Nf3 Nc6 3. d4 exd4 4. Bc4 Bc5 5. c3 dxc3 6. O-O cxb2 7. Bxb2 Nf6 8. e5 Ng4 9. h3 Ngxe5 10. Nxe5 O-O
11. Nxf7 Rxf7 12. Qh5 d5 13. Bxd5 Bd4 14. Qxf7+ Kh8 15. Bxd4 Nxd4 16. Re1 Bxh3 17. Re7 Nf5 18. Rd7 Qg5 19. Nc3 Nh6 20. Qxg7+ Qxg7
21. Rxg7 Kxg7 22. gxh3 c6 23. Bb3 Rd8 24. Re1 Rd7 25. Rd1 Re7 26. Rd8 Nf5 27. Rd3 c5 28. Nd5 Rd7 29. Nf4 Nd4 30. Bd1 Re7
31. Kf1 Kh6 32. Bg4 Kg5 33. Nd5 Rg7 34. Ne3 Kf4 35. Ke1 Re7 36. Kd2 Nf3+ 37. Bxf3 Kxf3 38. Nf5+
1-0

[Event "Double Scotch"]
[Site "SchemingMind.com"]
[Date "2010.08.07"]
[Round "-"]
[White "cnile"]
[Black "keen"]
[Result "0-1"]
[WhiteCountry "SCO"]
[BlackCountry "SCO"]
[WhiteElo "1444"]
[WhiteRD "59"]
[BlackElo "1677"]
[BlackRD "62"]
[GameID "256974"]

1. e4 e5 2. Nf3 Nc6 3. d4 exd4 4. Nxd4 Bc5 5. Nxc6 Qf6 6. Qe2 Qxc6 7. Be3 Nf6 8. Bxc5 Qxc5 9. Nc3 O-O 10. O-O-O d6
11. f3 Be6 12. g4 Rad8 13. Kb1 Rfe8 14. h4 d5 15. e5 Nd7 16. f4 Nb6 17. f5 Bc8 18. Bg2 h6 19. f6 gxf6 20. g5 Rxe5
21. Qh5 Qf8 22. Qxh6 Qxh6 23. gxh6 Rh5 24. Bxd5 Nxd5 25. Nxd5 Rdxd5 26. Rxd5 Rxd5 27. h5 Bg4 28. Rg1 Kh7 29. b3 Rd1+ 30. Kb2 Rxg1
0-1

[Event "Double Scotch"]
[Site "SchemingMind.com"]
[Date "2010.09.02"]
[Round "-"]
[White "rampichino"]
[Black "keen"]
[Result "1/2-1/2"]
[WhiteCountry "ITA"]
[BlackCountry "SCO"]
[WhiteElo "1531"]
[WhiteRD "82"]
[BlackElo "1652"]
[BlackRD "59"]
[GameID "258711"]

1. e4 e5 2. Nf3 Nc6 3. d4 exd4 4. Nxd4 Nf6 5. Nxc6 bxc6 6. e5 Nd5 7. c4 Nb6 8. Bd3 Bb4+ 9. Bd2 Bxd2+ 10. Qxd2 O-O
11. O-O d6 12. Rd1 Bg4 13. f3 Be6 14. b3 Qd7 15. exd6 cxd6 16. Nc3 Rad8 17. a4 Rfe8 18. Qf4 Qe7 19. Re1 Qd7 20. Rad1 h6
21. c5 Nc8 22. b4 Qc7 23. Ne4 Kh8 24. Bc2 Bd5 25. Kf2 Re5 26. Qh4 Rde8 27. g4 dxc5 28. bxc5 f5 29. Nc3 Rxe1 30. Rxe1 Rxe1
31. Kxe1 Qe7+ 32. Qxe7 Nxe7 33. Nxd5 Nxd5 34. Bxf5 a5 35. Kd2 Nb4 36. Be4 Kg8 37. Bd3 Kf7 38. Bc4+ Kf6 39. Ke3 g5= 40. Ke4 Nc2
41. Ba6 Nb4 42. Bb7 Ke6 43. Bc8+ Kf6 44. h3=
1/2-1/2

[Event "Double Scotch"]
[Site "SchemingMind.com"]
[Date "2010.08.28"]
[Round "-"]
[White "rampichino"]
[Black "cnile"]
[Result "1-0"]
[WhiteCountry "ITA"]
[BlackCountry "SCO"]
[WhiteElo "1531"]
[WhiteRD "82"]
[BlackElo "1369"]
[BlackRD "65"]
[GameID "258712"]

1. e4 e5 2. Nf3 Nc6 3. d4 exd4 4. Nxd4 Qf6 5. Bd3 Qxd4 6. O-O Nf6 7. Re1 Bc5 8. Be3 Qxb2 9. Nd2 Bxe3 10. Rxe3 O-O
11. Nc4 Qc3 12. e5 Ne8 13. Bxh7+ Kxh7 14. Rxc3 d6 15. Qh5+ Kg8 16. f4 Be6 17. f5
1-0

[Event "Double Scotch"]
[Site "SchemingMind.com"]
[Date "2010.08.28"]
[Round "-"]
[White "keen"]
[Black "rampichino"]
[Result "1-0"]
[WhiteCountry "SCO"]
[BlackCountry "ITA"]
[WhiteElo "1667"]
[WhiteRD "57"]
[BlackElo "1430"]
[BlackRD "88"]
[GameID "258713"]

1. e4 e5 2. Nf3 Nc6 3. d4 exd4 4. Bc4 Nf6 5. e5 d5 6. Bb5 Ne4 7. Nxd4 Bd7 8. O-O Bc5 9. Nb3 Bb6 10. Qxd5 Ng5
11. Rd1 h6 12. Nc3 Qe7 13. a4 Rd8 14. Bf4
1-0

[Event "Double Scotch"]
[Site "SchemingMind.com"]
[Date "2010.08.28"]
[Round "-"]
[White "cnile"]
[Black "rampichino"]
[Result "0-1"]
[WhiteCountry "SCO"]
[BlackCountry "ITA"]
[WhiteElo "1369"]
[WhiteRD "65"]
[BlackElo "1531"]
[BlackRD "82"]
[GameID "258714"]

1. e4 e5 2. Nf3 Nc6 3. d4 exd4 4. Nxd4 Nf6 5. Nc3 Bb4 6. Nxc6 Bxc3+ 7. bxc3 bxc6 8. Ba3 d6 9. Qe2 Qe7 10. e5 Nd5
11. c4 Ba6 12. e6 fxe6 13. g3 O-O 14. Qxe6+ Qxe6+
0-1

[Event "Double Scotch"]
[Site "SchemingMind.com"]
[Date "2010.09.05"]
[Round "-"]
[White "bartleby en passant"]
[Black "keen"]
[Result "0-1"]
[WhiteCountry "IRL"]
[BlackCountry "SCO"]
[WhiteElo "1526"]
[WhiteRD "77"]
[BlackElo "1675"]
[BlackRD "60"]
[GameID "259406"]

1. e4 e5 2. Nf3 Nc6 3. d4 exd4 4. Nxd4 Bc5 5. Be3 Qf6 6. Nxc6 Bxe3 7. fxe3 Qh4+ 8. g3 Qxe4 9. Rg1 dxc6 10. Qd2 Bg4
11. Nc3 Qe6 12. Be2 Nf6 13. O-O-O O-O 14. Bxg4 Nxg4 15. e4 Ne5 16. Qf4 Qe7 17. h4 h6 18. h5 Rad8 19. a3 Qc5 20. Rxd8 Rxd8
21. Rf1 Rd7 22. g4 Nc4 23. Rd1 Re7 24. Kb1 Qe5 25. Qxe5 Nxe5 26. Rg1 Nf3 27. Rg2 Ng5 28. Re2 Nf3 29. Re3 Nd2+ 30. Kc1 Nc4
31. Re1 Ne5 32. Rg1 Nd7 33. g5 Re6 34. Kd2 Ne5 35. Ke2 hxg5 36. Rxg5 Kh7 37. Rf5 g6 38. hxg6+ fxg6 39. Rf2 g5 40. b3 g4
41. Rg2 Kg6 42. Ke3 Kg5 43. Ne2 Rh6 44. Nf4 Rf6 45. Nh3+ Kh4 46. Nf4 g3 47. Rxg3 Ng4+ 48. Rxg4+ Kxg4 49. Nd3 Kg5 50. a4 b6
51. b4 a6 52. Kd4 Kg4 53. c4 Kf3 54. Ne5+ Kf4 55. Nd3+ Kg5 56. c5 Rf8 57. cxb6 cxb6 58. Ne5 Rd8+ 59. Ke3 Rd1 60. Nxc6 Ra1
61. a5 Rc1 62. Nd4 bxa5 63. bxa5 Rc3+ 64. Kd2 Rc4 65. Ke3 Ra4 66. Nc6 Kf6 67. Kf4 Ke6 68. Nd4+ Rxd4
0-1

[Event "Double Scotch"]
[Site "SchemingMind.com"]
[Date "2010.09.07"]
[Round "-"]
[White "bartleby en passant"]
[Black "cnile"]
[Result "1-0"]
[WhiteCountry "IRL"]
[BlackCountry "SCO"]
[WhiteElo "1518"]
[WhiteRD "74"]
[BlackElo "1369"]
[BlackRD "65"]
[GameID "259407"]

1. e4 e5 2. Nf3 Nc6 3. d4 exd4 4. Nxd4 Bc5 5. Nxc6 bxc6 6. Bc4 d6 7. Nc3 Nf6 8. e5 dxe5 9. Qxd8+ Kxd8 10. Bxf7 Rf8
11. Bc4 Bf5 12. Bd3 Rb8 13. Bxf5 Nd5 14. Nxd5 Rxf5 15. Nc3 Bb4 16. Bd2 Kc8 17. a3 Bc5 18. O-O-O Rxf2 19. Ne4 Rf7 20. Nxc5
1-0

[Event "Double Scotch"]
[Site "SchemingMind.com"]
[Date "2010.09.09"]
[Round "-"]
[White "bartleby en passant"]
[Black "rampichino"]
[Result "1-0"]
[WhiteCountry "IRL"]
[BlackCountry "ITA"]
[WhiteElo "1526"]
[WhiteRD "77"]
[BlackElo "1351"]
[BlackRD "65"]
[GameID "259408"]

1. e4 e5 2. Nf3 Nc6 3. d4 exd4 4. Nxd4 Nf6 5. Nxc6 bxc6 6. Nc3 Bb4 7. Bd3 d5 8. e5 Ng4 9. Bf4 d4 10. a3 dxc3
11. axb4 cxb2 12. Rb1 Qd4 13. Qd2 Nxe5 14. Bxe5 Qxe5+ 15. Qe2 Qxe2+ 16. Bxe2 O-O 17. Rxb2 Rb8 18. O-O a5 19. c3 c5 20. b5 Bd7
21. c4 c6 22. Ra1 Ra8 23. bxc6 Bxc6 24. Bf3 Bxf3 25. gxf3 Ra6 26. Rb5 Rc8 27. Raxa5 Rxa5 28. Rxa5 g6 29. h4 h5 30. Kg2 Kg7
31. f4 Rc6 32. Kf3 Kf6 33. Ke4 Ke6 34. f3
1-0

[Event "Double Scotch"]
[Site "SchemingMind.com"]
[Date "2010.09.05"]
[Round "-"]
[White "keen"]
[Black "bartleby en passant"]
[Result "0-1"]
[WhiteCountry "SCO"]
[BlackCountry "IRL"]
[WhiteElo "1667"]
[WhiteRD "57"]
[BlackElo "1472"]
[BlackRD "80"]
[GameID "259409"]

1. e4 e5 2. Nf3 Nc6 3. d4 Nxd4 4. Nxd4 exd4 5. Bc4 Qf6 6. O-O c5 7. c3 dxc3 8. Nxc3 Bd6 9. Re1 Qe5 10. Qf3 Qxh2+
11. Kf1 Nf6 12. e5 Bxe5 13. Bf4 Qh1+ 14. Ke2 Qh4 15. Kd1 O-O 16. Rxe5 d6 17. Re1 Bg4
0-1

[Event "Double Scotch"]
[Site "SchemingMind.com"]
[Date "2010.09.05"]
[Round "-"]
[White "cnile"]
[Black "bartleby en passant"]
[Result "0-1"]
[WhiteCountry "SCO"]
[BlackCountry "IRL"]
[WhiteElo "1369"]
[WhiteRD "65"]
[BlackElo "1518"]
[BlackRD "74"]
[GameID "259410"]

1. e4 e5 2. Nf3 Nc6 3. d4 exd4 4. Nxd4 Nxd4 5. Qxd4 d6 6. Bc4 Nf6 7. Bg5 Be7 8. Nc3 c5 9. Qd2 h6 10. Bf4 O-O
11. O-O-O a6 12. Bxd6 Bxd6 13. Qxd6 Qxd6 14. Rxd6 b5 15. Be2 Be6 16. a4 b4 17. Nd1 Nxe4 18. Rc6 a5 19. Bf3 Bd5 20. Rb6 Rfc8
21. b3 f5 22. Re1 c4 23. Kb1 cxb3 24. cxb3 Nd2+ 25. Kb2 Bxb3 26. Re3 Rc2+ 27. Ka1 Ra2#
0-1

[Event "Double Scotch"]
[Site "SchemingMind.com"]
[Date "2010.09.07"]
[Round "-"]
[White "rampichino"]
[Black "bartleby en passant"]
[Result "1-0"]
[WhiteCountry "ITA"]
[BlackCountry "IRL"]
[WhiteElo "1531"]
[WhiteRD "82"]
[BlackElo "1518"]
[BlackRD "74"]
[GameID "259411"]

1. e4 e5 2. Nf3 Nc6 3. d4 d6 4. Bb5 Bd7 5. Nc3 exd4 6. Nxd4 Nxd4 7. Bxd7+ Qxd7 8. Qxd4 c5 9. Qd3 O-O-O 10. Nd5 h6
11. Be3 Nf6 12. b4 Nxd5 13. Qxd5 Qc7 14. bxc5 Qa5+ 15. Ke2 dxc5 16. Qxf7 Qb5+ 17. c4 Qb2+ 18. Kf3 g5 19. g4 Bd6 20. Rab1 Qb6
21. Qe6+ Rd7 22. Rxb6 axb6 23. h4
1-0

[Event "Double Scotch"]
[Site "SchemingMind.com"]
[Date "2010.09.06"]
[Round "-"]
[White "Gabi1"]
[Black "keen"]
[Result "0-1"]
[WhiteCountry "GER"]
[BlackCountry "SCO"]
[WhiteElo "1530"]
[WhiteRD "69"]
[BlackElo "1667"]
[BlackRD "57"]
[GameID "259572"]

1. e4 e5 2. Nf3 Nc6 3. d4 Bb4+ 4. c3 Ba5 5. dxe5 Qe7 6. Qd5 Bb6 7. Bg5 f6 8. exf6 Nxf6 9. Bxf6 Qxf6 10. Bc4 d6
11. O-O Ne7 12. Qg5 Rf8 13. Qh5+ Ng6 14. Ng5 Qe5 15. Qxh7 Qxg5 16. Qxg7 Bh3 17. g3 Bxf1 18. Bxf1 Rxf2 19. h4 Qxg3+
0-1

[Event "Double Scotch"]
[Site "SchemingMind.com"]
[Date "2010.09.06"]
[Round "-"]
[White "Gabi1"]
[Black "cnile"]
[Result "1-0"]
[WhiteCountry "GER"]
[BlackCountry "SCO"]
[WhiteElo "1530"]
[WhiteRD "69"]
[BlackElo "1424"]
[BlackRD "63"]
[GameID "259573"]

1. e4 e5 2. Nf3 Nc6 3. d4 exd4 4. Nxd4 Bc5 5. Nf5 Nf6 6. Nxg7+ Kf8 7. Bh6 Ke7 8. Nf5+ Ke8 9. Bc4 Nxe4 10. Qh5 Bxf2+
11. Kf1 d5 12. Bxd5 Ne5 13. Ng7+ Kf8 14. Ne6+ Ke8 15. Nxd8
1-0

[Event "Double Scotch"]
[Site "SchemingMind.com"]
[Date "2010.09.11"]
[Round "-"]
[White "Gabi1"]
[Black "bartleby en passant"]
[Result "1-0"]
[WhiteCountry "GER"]
[BlackCountry "IRL"]
[WhiteElo "1530"]
[WhiteRD "69"]
[BlackElo "1472"]
[BlackRD "80"]
[GameID "259574"]

1. e4 e5 2. Nf3 Nc6 3. d4 exd4 4. Nxd4 Nxd4 5. Qxd4 d6 6. Bc4 c5 7. Qd5 Qd7 8. Nc3 Nf6 9. Qg5 h6 10. Qf4 Be7
11. Bb5 g5 12. Bxd7+ Bxd7 13. Qf3
1-0

[Event "Double Scotch"]
[Site "SchemingMind.com"]
[Date "2010.09.08"]
[Round "-"]
[White "Gabi1"]
[Black "rampichino"]
[Result "0-1"]
[WhiteCountry "GER"]
[BlackCountry "ITA"]
[WhiteElo "1517"]
[WhiteRD "70"]
[BlackElo "1531"]
[BlackRD "82"]
[GameID "259575"]

1. e4 e5 2. Nf3 Nc6 3. d4 exd4 4. Nxd4 Nf6 5. Nc3 Bb4 6. a3 Bxc3+ 7. bxc3 Nxe4 8. Bc4 d5 9. Qe2 O-O 10. Bd3 Re8
11. O-O Nxc3 12. Qh5 g6 13. Qh6 Nxd4 14. Bg5 Qd6 15. Rae1 Nce2+ 16. Kh1 Bf5 17. Bf4 Nxf4 18. c3 Bxd3 19. Rg1 Nf5 20. Qg5 h6
21. Qg4 h5 22. Qd1 d4 23. g4 hxg4 24. Qxg4 dxc3 25. Rc1 Ne2
0-1

[Event "Double Scotch"]
[Site "SchemingMind.com"]
[Date "2010.09.06"]
[Round "-"]
[White "keen"]
[Black "Gabi1"]
[Result "0-1"]
[WhiteCountry "SCO"]
[BlackCountry "GER"]
[WhiteElo "1667"]
[WhiteRD "57"]
[BlackElo "1530"]
[BlackRD "69"]
[GameID "259576"]

1. e4 e5 2. Nf3 Nc6 3. d4 d5 4. dxe5 dxe4 5. Qxd8+ Kxd8 6. Ng5 Nxe5 7. Bc4 Nh6 8. Bb3 f6 9. Nxe4 Bf5 10. Ng3 g6
11. Bxh6 Bxh6 12. Nxf5 gxf5 13. Be6 Re8 14. Bd5 Nd3+
0-1

[Event "Double Scotch"]
[Site "SchemingMind.com"]
[Date "2010.09.10"]
[Round "-"]
[White "cnile"]
[Black "Gabi1"]
[Result "0-1"]
[WhiteCountry "SCO"]
[BlackCountry "GER"]
[WhiteElo "1369"]
[WhiteRD "65"]
[BlackElo "1517"]
[BlackRD "70"]
[GameID "259577"]

1. e4 e5 2. Nf3 Nc6 3. d4 d5 4. Bb5 a6 5. Ba4 b5 6. Bb3 f6 7. Bxd5 Bb7 8. O-O Rb8 9. dxe5 Nxe5 10. Bf7+ Kxf7
11. Nxe5+ fxe5 12. Qf3+ Nf6 13. Nc3 b4 14. Nd5 Bxd5 15. exd5 Qxd5 16. Qxd5+ Nxd5 17. f4 e4 18. b3 e3 19. Bxe3 Nxe3 20. Rf3 Bc5
0-1

[Event "Double Scotch"]
[Site "SchemingMind.com"]
[Date "2010.09.11"]
[Round "-"]
[White "bartleby en passant"]
[Black "Gabi1"]
[Result "1-0"]
[WhiteCountry "IRL"]
[BlackCountry "GER"]
[WhiteElo "1518"]
[WhiteRD "74"]
[BlackElo "1517"]
[BlackRD "70"]
[GameID "259578"]

1. e4 e5 2. Nf3 Nc6 3. d4 Nf6 4. d5 Nd4 5. Nxd4 exd4 6. Qxd4 c5 7. Qa4 Qe7 8. Bd3 Nxd5 9. O-O Nf4 10. Bxf4 Qf6
11. e5 Qh4 12. Nc3 Be7 13. Nd5 Kd8 14. g3 Qg4 15. Qa5+ b6 16. Nxb6 Rb8 17. Nxc8+ Kxc8 18. Ba6+ Rb7 19. Bxb7+ Kxb7 20. Qb5+ Kc7
21. e6+ d6 22. Qd7+ Kb6 23. Qxe7 Qxe6 24. Qxe6 fxe6 25. Bxd6 Rd8 26. Rad1 Kb5 27. Rfe1 Re8 28. Re5 Kc6 29. Bxc5 a5 30. f4 g6
31. Rd6+ Kb5 32. Be3+ Kc4 33. Rd4#
1-0

[Event "Double Scotch"]
[Site "SchemingMind.com"]
[Date "2010.09.10"]
[Round "-"]
[White "rampichino"]
[Black "Gabi1"]
[Result "1-0"]
[WhiteCountry "ITA"]
[BlackCountry "GER"]
[WhiteElo "1430"]
[WhiteRD "88"]
[BlackElo "1530"]
[BlackRD "69"]
[GameID "259579"]

1. e4 e5 2. Nf3 Nc6 3. d4 d5 4. exd5 Qxd5 5. Nc3 Bb4 6. Bd2 exd4 7. Nxd5 Be6 8. Nxc7+ Kd7 9. Nxe6 fxe6 10. Bxb4 Nxb4
11. Qxd4+ Ke8 12. Qxb4 Nf6 13. Qxb7 Rd8 14. Ne5 Nd5 15. Qf7#
1-0

[Event "Double Scotch"]
[Site "SchemingMind.com"]
[Date "2010.09.10"]
[Round "-"]
[White "badpawn"]
[Black "keen"]
[Result "0-1"]
[WhiteCountry "SWE"]
[BlackCountry "SCO"]
[WhiteElo "1593"]
[WhiteRD "73"]
[BlackElo "1652"]
[BlackRD "59"]
[GameID "259878"]

1. e4 e5 2. Nf3 Nc6 3. d4 exd4 4. Bc4 Bb4+ 5. Nbd2 Nf6 6. O-O O-O 7. a3 Bc5 8. Re1 d6 9. b4 Bb6 10. Bb2 Bg4
11. h3 Bh5 12. Qc1 Qd7 13. b5 Ne5 14. Nxd4 Rae8 15. f4 Nxc4 16. Nxc4 Nxe4 17. Nxb6 axb6 18. c4 Ng3 19. Qc3 Ne4 20. Rxe4 Rxe4
21. Ne6 fxe6 22. g3 e5 23. Qc2 Re2
0-1

[Event "Double Scotch"]
[Site "SchemingMind.com"]
[Date "2010.09.11"]
[Round "-"]
[White "badpawn"]
[Black "cnile"]
[Result "1-0"]
[WhiteCountry "SWE"]
[BlackCountry "SCO"]
[WhiteElo "1593"]
[WhiteRD "73"]
[BlackElo "1369"]
[BlackRD "65"]
[GameID "259879"]

1. e4 e5 2. Nf3 Nc6 3. d4 exd4 4. Bc4 Qe7 5. Qe2 Nf6 6. Bd3 d5 7. exd5 Nxd5 8. O-O Qxe2 9. Bxe2 Bd6 10. Bc4 Be6
11. Re1 O-O 12. Nbd2 Rfe8 13. b3 Ncb4 14. Nxd4 Bc5 15. N2f3 Rad8 16. Bb2 h6 17. a3 Nc6 18. Nxe6 Rxe6 19. b4 Be7 20. b5 Rxe1+
21. Rxe1 Na5 22. Bxd5 Bd6 23. Be4 Nc4 24. Bc1 Bxa3 25. Bxa3 b6 26. Be7 Rd7 27. Bc6
1-0

[Event "Double Scotch"]
[Site "SchemingMind.com"]
[Date "2010.09.11"]
[Round "-"]
[White "badpawn"]
[Black "bartleby en passant"]
[Result "1-0"]
[WhiteCountry "SWE"]
[BlackCountry "IRL"]
[WhiteElo "1593"]
[WhiteRD "73"]
[BlackElo "1518"]
[BlackRD "74"]
[GameID "259880"]

1. e4 e5 2. Nf3 Nc6 3. d4 Nxd4 4. Nxd4 exd4 5. Bc4 c5 6. O-O Bd6 7. f4 Qh4 8. e5 Bc7 9. c3 dxc3 10. Nxc3 Ne7
11. Nb5 Bb8 12. Nd6+ Bxd6 13. exd6 Nf5 14. Re1+ Kf8 15. Bd2 Nxd6 16. Qe2 Qf6 17. Bc3 Qd8 18. Qe5 Qf6 19. Qxf6 gxf6 20. Bxf6 Rg8
21. Be7+ Kg7 22. Bxd6 b6 23. Bd5 Rb8 24. Bxb8
1-0

[Event "Double Scotch"]
[Site "SchemingMind.com"]
[Date "2010.09.10"]
[Round "-"]
[White "badpawn"]
[Black "rampichino"]
[Result "0-1"]
[WhiteCountry "SWE"]
[BlackCountry "ITA"]
[WhiteElo "1593"]
[WhiteRD "73"]
[BlackElo "1531"]
[BlackRD "82"]
[GameID "259881"]

1. e4 e5 2. Nf3 Nc6 3. d4 exd4 4. Bc4 Nf6 5. e5 d5 6. exd6 Bxd6 7. O-O O-O 8. Bg5 Ne5 9. Nxe5 Bxe5 10. Nd2 Qd6
11. h3 Bf5 12. Bxf6 Bxf6 13. Bb3 Rfe8 14. Nf3 c5 15. c3 Rad8 16. cxd4 cxd4 17. Rc1 d3 18. Nd2 Re2 19. Re1 Rde8 20. Rxe2 dxe2
0-1

[Event "Double Scotch"]
[Site "SchemingMind.com"]
[Date "2010.09.11"]
[Round "-"]
[White "badpawn"]
[Black "Gabi1"]
[Result "0-1"]
[WhiteCountry "SWE"]
[BlackCountry "GER"]
[WhiteElo "1527"]
[WhiteRD "93"]
[BlackElo "1530"]
[BlackRD "69"]
[GameID "259882"]

1. e4 e5 2. Nf3 Nc6 3. d4 d5 4. Nc3 dxe4 5. Nxe5 Nxd4 6. Be3 Bc5 7. Nxf7 Kxf7 8. Qh5+ g6 9. Bc4+ Be6 10. Bxe6+ Ke8
11. Qxc5 Nxc2+ 12. Ke2 Qd3#
0-1

[Event "Double Scotch"]
[Site "SchemingMind.com"]
[Date "2010.09.10"]
[Round "-"]
[White "keen"]
[Black "badpawn"]
[Result "0-1"]
[WhiteCountry "SCO"]
[BlackCountry "SWE"]
[WhiteElo "1652"]
[WhiteRD "59"]
[BlackElo "1593"]
[BlackRD "73"]
[GameID "259883"]

1. e4 e5 2. Nf3 Nc6 3. d4 exd4 4. Bc4 Nf6 5. e5 d5 6. Bb5 Ne4 7. O-O Be7 8. Nxd4 Bd7 9. f3 Nc5 10. Nxc6 bxc6
11. Ba4 Nxa4 12. Qd4 Bc5 13. Qxc5 Nxc5 14. Be3 Ne6 15. Nc3 O-O 16. Rad1 Rb8 17. b3 Qh4 18. Bf2 Qb4 19. Na4 h6 20. g3 f6
21. exf6 Rxf6 22. c3 Qf8 23. f4 Qa3 24. Rd2 c5 25. Rxd5 Bxa4 26. bxa4 Qxc3
0-1

[Event "Double Scotch"]
[Site "SchemingMind.com"]
[Date "2010.09.10"]
[Round "-"]
[White "cnile"]
[Black "badpawn"]
[Result "0-1"]
[WhiteCountry "SCO"]
[BlackCountry "SWE"]
[WhiteElo "1369"]
[WhiteRD "65"]
[BlackElo "1593"]
[BlackRD "73"]
[GameID "259884"]

1. e4 e5 2. Nf3 Nc6 3. d4 exd4 4. Nxd4 Nf6 5. Nc3 Bb4 6. Qe2 O-O 7. Nxc6 bxc6 8. Qc4 Bxc3+ 9. bxc3 Re8 10. Bg5 h6
11. Bh4 d5 12. Qxc6 Rxe4+ 13. Be2 Be6 14. Bg3 Rc8 15. f3 Bd7 16. Qa6 Re6 17. Qd3 c5 18. O-O Nh5 19. Bf2 Nf4 20. Qd1 Nxe2+
21. Kh1 Nxc3 22. Qd3 d4
0-1

[Event "Double Scotch"]
[Site "SchemingMind.com"]
[Date "2010.09.11"]
[Round "-"]
[White "bartleby en passant"]
[Black "badpawn"]
[Result "1/2-1/2"]
[WhiteCountry "IRL"]
[BlackCountry "SWE"]
[WhiteElo "1526"]
[WhiteRD "77"]
[BlackElo "1571"]
[BlackRD "75"]
[GameID "259885"]

1. e4 e5 2. Nf3 Nc6 3. d4 exd4 4. Nxd4 Nf6 5. Nxc6 bxc6 6. Nc3 d6 7. h3 Be7 8. Be3 O-O 9. Bd3 Bb7 10. Qe2 a5
11. a4 Rb8 12. O-O d5 13. exd5 Nxd5 14. Nxd5 cxd5 15. Bd4 Bf6 16. Bxf6 Qxf6 17. b3 Rfe8 18. Qg4 c5 19. Bb5 Re4 20. Qd7 Re7
21. Qg4 Bc8 22. Qh5 Re5 23. Qd1 Qg6 24. Bd3 Bf5 25. Bxf5 Qxf5 26. Qd2 Rbe8 27. g4 Qf3 28. Qd3 Qf4 29. Qc3 h5 30. Qg3 Qd2
31. Qd3 Qg5 32. Qg3=
1/2-1/2

[Event "Double Scotch"]
[Site "SchemingMind.com"]
[Date "2010.09.10"]
[Round "-"]
[White "rampichino"]
[Black "badpawn"]
[Result "0-1"]
[WhiteCountry "ITA"]
[BlackCountry "SWE"]
[WhiteElo "1351"]
[WhiteRD "65"]
[BlackElo "1571"]
[BlackRD "75"]
[GameID "259886"]

1. e4 e5 2. Nf3 Nc6 3. d4 exd4 4. Nxd4 Nf6 5. Nxc6 bxc6 6. e5 Qe7 7. Qe2 Nd5 8. c4 Nb6 9. Nd2 g6 10. Nf3 Bg7
11. Qe4 O-O 12. Bd3 d5 13. cxd5 cxd5 14. Qd4 c5 15. Qe3 d4 16. Qe2 Bb7 17. O-O h6 18. Re1 Rac8 19. b3 Nd5 20. Bd2 Rfe8
21. Bc4 Nc3 22. Bxc3 dxc3 23. e6 f6 24. Rac1 Bxf3 25. Qxf3 f5 26. Red1 Red8 27. Rd7 Qg5 28. e7+ Kh7 29. exd8=Q Rxd8 30. Rxd8 Qxd8
31. Qd5 Qf8 32. Qd3 a5 33. Rxc3 Bxc3 34. Qxc3 Qd8 35. Kf1 Qd1+ 36. Qe1 Qxe1+ 37. Kxe1 Kg7 38. Kd2 Kf6 39. Ke3 g5 40. g3 Ke5
41. f4+ gxf4+
0-1

[Event "Double Scotch"]
[Site "SchemingMind.com"]
[Date "2010.09.10"]
[Round "-"]
[White "Gabi1"]
[Black "badpawn"]
[Result "1-0"]
[WhiteCountry "GER"]
[BlackCountry "SWE"]
[WhiteElo "1517"]
[WhiteRD "70"]
[BlackElo "1593"]
[BlackRD "73"]
[GameID "259887"]

1. e4 e5 2. Nf3 Nc6 3. d4 exd4 4. Nxd4 Nf6 5. Nc3 Bc5 6. Nxc6 bxc6 7. e5 Qe7 8. Qe2 Nd5 9. Qe4 Nxc3 10. bxc3 O-O
11. Be3 d5 12. Qf4 Be6 13. Qg3 Bxe3 14. Qxe3 c5 15. Bb5 a6 16. Bc6 Rab8 17. O-O Rb6 18. Ba4 Rfb8 19. h3 c6 20. Qf3 h6
21. c4 Qb7 22. Rad1 Rb4 23. Bb3 dxc4 24. a3 Rxb3 25. cxb3 cxb3 26. Rb1 c4 27. Rfd1 a5 28. Rd6 Bd5 29. Qg3 Be6 30. Qf3 Bd5
31. Qe3 a4 32. Qd4 Qb6 33. Qc3 Qc5 34. Qg3 Be6 35. Rd2 c3 36. Rc2 Bf5 37. Rxc3 Qa7 38. Rb2 Be6 39. Rxc6 Qd4 40. Rc3 Qb4
41. axb4
1-0